000
00389nam a22001217a 4500
040
_c
HS
082
_a
813
100
_a
នុត ចន្ថា
245
_a
លិខិតបទដ្ឋានគតិយុត្តិ និងលិខិតទំនាក់ទំនងរដ្ឋបាល
260
_a
Cambodia
_b
នុត ចន្ថា
_c
2006
300
_a
298p;
942
_c
KB
999
_c
9949
_d
9949